000 01338nam a2200373 c 4500
999 _c93429
_d93429
003 BLK
005 20250627111302.0
008 180408b bul|||||r ||||||| ||bul||
010 _aKNG00098225000
020 _a978-954-769-285-5
040 _aBLK
041 _aBUL
_cBUL
072 7 _2bullib
_aН8301
_xТрилъри Н
080 _aАмериканска литература (на САЩ)
_b821.111(73)
_x-312.4
_z821.111(73)-312.4
100 1 _aБалдачи, Дейвид
_eпърви автор
_935928
139 _aБалдачи, Дейвид
_bБ 21
245 1 0 _aШестият
_bРоман
_cДейвид Балдачи; прев. от англ. Веселин Иванов Лаптев.
257 _aUSA
260 _bОбсидиан
_c2012
_fВ. Търново : Абагар
300 _a448 с.
_c20 см
380 _aX
500 _aОриг. загл. The Sixth Man / David Baldacci.
653 _aтрилъри
653 _aромани
659 _aН
700 1 _aЛаптев, Веселин Иванов
_eпрев. от англ.
_9364314
852 _aЦб 254765
856 4 _qpdf
856 4 _qpdf
942 _cKNG
_n0
_021
_s1
944 _aCR
_c06.04.2012
_lЦветелина Шанова
_k30531
944 _aED
_c12.09.2015
_lф /
_kПенка_Димитрова
999 _d93429